| 000 | 00685nam a22002297a 4500 | ||
|---|---|---|---|
| 005 | 20170124105919.0 | ||
| 010 | _aB-31274 | ||
| 020 |
_c00.00 _a8187317191 |
||
| 035 | _aB-31274 | ||
| 037 | _bCen Lib/Ret | ||
| 040 |
_aDPL _bEN |
||
| 082 |
_a338.4791 _2SET |
||
| 100 |
_aSethi, Praveen _93719 |
||
| 245 |
_aTourism planning and development / _cby Praveen Sethi |
||
| 260 |
_aDelhi _bRajat Publications _c1999 |
||
| 270 |
_a4/32, Geeta colony _b Delhi _e110031 |
||
| 300 |
_a286p. _c21cm (Hb) |
||
| 500 | _aIncludes index | ||
| 650 |
_aTourism--planning and development _93720 |
||
| 650 |
_aInternational--cooperation _93721 |
||
| 942 |
_2ddc _cEN _h338.4791 _mSET |
||
| 999 |
_c123026 _d123026 |
||